Département et leur préfecture - Mort subite #1 - Statistiques

Statistiques générales
  • Ce quiz a été pris 745 fois
    710 depuis la dernière actualisation
  • Le résultat moyen est 4 sur 8
Answers on the Grid
Answers color-coded by a green-red scale on the quiz's grid according to % correct below.
Haut-Rhin - Mulhouse
Marne - Reims
Vosges - Epinal
Doubs - Montbéliard
Nièvre - Nevers
Isère - Vienne
Ariège - Pamiers
Var - Toulon
Haute-Corse - Bastia
Ardèche - Annonay
Hautes-Pyrénées - Lourdes
Vienne - Poitiers
Creuse - Tulle
Loir-et-Cher - Bourges
Morbihan - Lorient
Seine-Saint-Denis - Bobigny
Pas-de-Calais - Calais
Seine-Maritime - Le Havre
Dordogne - Périgueux
Cantal - Aurillac
Guadeloupe - Les Abymes
 
Statistiques - réponses
Réponse % Correct
Var - Toulon
61%
Cantal - Aurillac
53%
Vosges - Epinal
53%
Nièvre - Nevers
51%
Dordogne - Périgueux
49%
Haute-Corse - Bastia
49%
Seine-Saint-Denis - Bobigny
44%
Vienne - Poitiers
44%
Aucun quiz correspondant
Distribution des résultats
% des personnes avec chaque résultat
Percentile par nombre de réponses
Votre historique - résultats
Vous n’avez pas pris ce quiz depuis la dernière actualisation